Normal view
MARC view
- Lamb, Horace
Entry Personal Name
001 - CONTROL NUMBER
- control field: 39833
003 - CONTROL NUMBER IDENTIFIER
- control field: NUST
005 - DATE AND TIME OF LATEST TRANSACTION
- control field: 20210314131545.0
008 - FIXED-LENGTH DATA ELEMENTS
- fixed length control field: 210314|| aca||aabn | a|a d
040 ## - CATALOGING SOURCE
- Original cataloging agency: NUST
- Transcribing agency: NUST
100 ## - HEADING--PERSONAL NAME
- Personal name: Lamb, Horace
670 ## - SOURCE DATA FOUND
- Source citation: Work cat.: (NUST): Lamb, Horace,, Statics, including hydrostatics and the elements of the theory of elasticity, 1912.
